Najlepiej ocenianie gry od 1978r - Statystyki

Ogólne statystyki
  • Ten quiz został rozwiązany 5 razy
  • Średni wynik to 1 z 46
Statystyki odpowiedzi
Odpowiedź % Poprawnych
2015 Wiedźmin 3: Dziki Gon
40%
2023 EA Sports FC 24
20%
1999 Heroes of Might and Magic III: Odrodzenie Erathii
20%
1980 Pac-Man
20%
2016 Uncharted 4: Kres Złodzieja
20%
1983 Bomberman
0%
1984 Boulder Dash
0%
1995 Chrono Trigger
0%
1991 Civilization
0%
1987 Contra
0%
2001 Diablo II: Pan Zniszczenia
0%
1981 Donkey Kong
0%
1993 Doom
0%
1997 Final Fantasy VII
0%
2017 Fortnite
0%
2021 Forza Horizon 5
0%
1979 Galaxian
0%
2022 God of War: Ragnarok
0%
2003 Gothic II: Noc Kruka
0%
2013 Grand Theft Auto V
0%
2000 Heroes of Might and Magic III: Cień Śmierci
0%
2002 Mafia: The City of Lost Heaven
0%
2010 Mass Effect 2
0%
1998 Metal Gear Solid
0%
2004 Metal Gear Solid 3: Snake Eater
0%
2005 Metal Gear Solid 3: Subsistence
0%
1992 Mortal Kombat
0%
1989 Prince of Persia
0%
2018 Red Dead Redemption 2
0%
2019 Resident Evil 2
0%
1982 River Raid
0%
1978 Space Invaders
0%
1985 Super Mario Bros.
0%
1988 Super Mario Bros. 3
0%
2014 The Last of Us: Left Behind
0%
2020 The Last of Us Part II
0%
1986 The Legend of Zelda
0%
1996 The Neverhood
0%
1990 The Secret of Monkey Island
0%
2012 The Walking Dead: Season One
0%
1994 UFO: Enemy Unknown
0%
2009 Uncharted 2: Pośród złodziei
0%
2007 Wiedźmin
0%
2011 Wiedźmin 2: Zabójcy królów
0%
2006 Winning Eleven 10
0%
2008 World of Warcraft: Wrath of the Lich King
0%
Nie znaleziono quizów pasujących do podanych kryteriów
Rozkład punktacji
Procent ludzi z każdym wynikiem
Percentyl według liczby udzielonych odpowiedzi
Twoja historia wyników
Nie rozwiązałeś tego quizu